| 000 | 00433nam a2200157 4500 | ||
|---|---|---|---|
| 001 | 120612 | ||
| 003 | ES-MaACL | ||
| 005 | 20230906191603.0 | ||
| 007 | t| | ||
| 008 | 070214s1976 mx r ||||1| spa d | ||
| 100 | 1 |
_aPozas, Ricardo. _993530 |
|
| 245 | 1 | 0 |
_aAntropologĂa y burocracia indigenista / _cRicardo Pozas A. |
| 260 |
_aMéxico : _bTlacuilo, _c1976. |
||
| 300 |
_a50 p. ; _c20 cm. |
||
| 852 |
_aES-MaACL _j2108-F-9 _bR.99463 |
||
| 999 |
_c120612 _d120612 |
||